Online
Catalog

Raminagradu : (Record no. 1464)

MARC details
000 -CABECERA
campo de control de longitud fija 00566cam a2200169 a 4500
001 - NÚMERO DE CONTROL
campo de control 000001565
005 - FECHA Y HORA DE LA ÚLTIMA TRANSACCIÓN
campo de control 20200929145624.0
008 - DATOS DE LONGITUD FIJA--INFORMACIÓN GENERAL
campo de control de longitud fija 760429s1975 fr a j 000 j fre
040 ## - FUENTE DE LA CATALOGACIÓN
Centro catalogador/agencia de origen DO-SdBNP
Lengua de catalogación spa
Centro/agencia transcriptor BNPHU
082 ## - NÚMERO DE LA CLASIFICACIÓN DECIMAL DEWEY
Número de clasificación 840.08341
Número de documento/Ítem A981r
100 1# - ENTRADA PRINCIPAL--NOMBRE DE PERSONA
Nombre de persona Aylwin, Louise.
9 (RLIN) 5125
245 10 - MENCIÓN DE TÍTULO
Título Raminagradu :
Resto del título histoires ordinaires pour enfants extraordinaires /
Mención de responsabilidad, etc. Louise Aylwin.
260 ## - PUBLICACIÓN, DISTRIBUCIÓN, ETC.
Lugar de publicación, distribución, etc. Montréal :
Nombre del editor, distribuidor, etc. Du Jour,
Fecha de publicación, distribución, etc. 1975.
300 ## - DESCRIPCIÓN FÍSICA
Extensión 96 p. :
Otras características físicas il. ;
Dimensiones 23 cm.
650 #4 - PUNTO DE ACCESO ADICIONAL DE MATERIA--TÉRMINO DE MATERIA
Término de materia o nombre geográfico como elemento de entrada Cuentos infantiles canadiense
Subdivisión general Colecciones
9 (RLIN) 5126
650 #4 - PUNTO DE ACCESO ADICIONAL DE MATERIA--TÉRMINO DE MATERIA
Término de materia o nombre geográfico como elemento de entrada Literatura infantil canadiense
9 (RLIN) 5127
Holdings
Estado de retiro Estado de pérdida Restricciones de uso No para préstamo Código de colección Localización permanente Ubicación/localización actual Ubicación en estantería Fecha de adquisición Número de inventario Total de préstamos Signatura topográfica completa Código de barras Fecha visto por última vez Precio válido a partir de Tipo de ítem Koha
    Préstamo interno   Monografías: Libros y Folletos General General En catalogación 14.09.2009 LF1   840.08341 A981r 1565-10 25.06.2020 25.06.2020 Préstamo interno

Powered by Koha